000
00204 a2200097 4500
001
29303
100
_a
Modoodi
245
_a
Rasail-o-Masail (Vol-I)
260
_a
_b
Pak Islamia
_c
090
_c
19520
_d
19520
942
_a
NUST-CAE
_c
M
_c
10581
999
_c
264376
_d
264376